000 00699nam a2200193 a 4500
001 000042168
005 20201002040001.0
008 131118s2013 dr c 000 0 spa d
020 _a9789945008968
040 _aDO-SdBNP
_bspa
_cBNPHU
082 _axxxx
_bxxx
100 1 _aMateo Martínez, Nemesio
_969173
245 1 3 _aEl cotuí de mi entonces. /
_cNemesio Mateo Martínez; editores, Héctor Mateo Martínez, Alberto Mateo Reyes.
260 _aSanto Domingo, :
_bBúho,
_c2013.
300 _a162 p. :
_bretrs. ;
_c23 cm.
500 _aIncluye datos biografícos del autor en la solapa de la portada
700 1 _aMateo Martínez, Héctor
_eed.
_954989
700 1 _aMateo Reyes, Alberto
_eed.
_969174
999 _c41657
_d41657